| 000 | 00374nam a2200145Ia 4500 | ||
|---|---|---|---|
| 008 | 150201s2014 xx 000 0 und d | ||
| 082 |
_a617.96 _bM14B |
||
| 100 | _aBUTTERWORTH, JOHN F. | ||
| 245 | _aMORGAN & MIKHAIL,S CLINICAL ANESTHESIOLOGY | ||
| 250 | _a5TH | ||
| 260 |
_bMC.GRAW HILL _aINDIA _c2014 |
||
| 300 | _a1-1366 | ||
| 650 | _aANESTHESIOLOGY | ||
| 942 |
_2ddc _cBK _01 |
||
| 999 |
_c1815 _d1815 |
||